Dozvuky akcie Informatika 91

Bibliographic Details
Main Author: Cigánik, Marek, 1926- (Author)
Format: Article
Language:Slovak
Subjects:

MARC

LEADER 00000nab a2200000 a 4500
001 vtls000450110
003 SK-MaSNL
005 20260304082017.0
008 250424c1992 xo 0 slo
015 |a SNBRB19rr/mm-uuuuu 
035 |a CL0450241 
035 |a urn:nbn:sk:snk-ab6ieo 
035 |a (uuid)9896fa97-f443-4fef-b8cb-a3a9b62717bc 
035 |a (urnnbn)urn:nbn:sk:snk:ar-003u63 
040 |a SNKBUCL  |b slo  |c SNKBUCL  |e AACR2 
041 0 |a slo 
044 |a xo  |c SK 
080 |a 301.15:007(437:4-15):061.3  |2 1981 
080 |a 007(437:4-15)  |2 1981 
080 |a 061.3  |2 1981 
100 1 |a Cigánik, Marek,  |d 1926-  |4 aut  |9 163356 
245 1 0 |a Dozvuky akcie Informatika 91  |c Marek Cigánik 
650 0 7 |a spoločnosť (sociol.)  |2 snkbucl  |9 945897 
655 7 |a články z novín a časopisov  |2 snkbucl  |9 267496 
773 0 |t Knižnice a informácie  |g Roč. 24, č. 4 (1992), s. 187-189 
850 |a Slovenská národná knižnica 
852 |a Slovenská národná knižnica 
954 |a odborná, vedecká literatúra pôvodná (slovenská)  |2 lita 
958 |a article2022 
958 |a RK 
958 |a OND 
958 |a EUIPO 
992 |a RBX 
999 |c 2793395  |d 2795325